Whose Moustache is That? #3 - Statistics

General Stats
  • This quiz has been taken 50 times
  • The average score is 7 of 24
Answer Stats
Picture Answer % Correct
Johnny Depp
86%
Vladimir Lenin
67%
Genghis Khan
53%
Hirohito
53%
Samuel L. Jackson
45%
Jimi Hendrix
37%
Pedro Pascal
35%
Billy Dee Williams
29%
Brad Pitt
29%
Daniel Day-Lewis
29%
Robert Mugabe
29%
Gary Oldman
24%
Confucius
22%
Geraldo Rivera
22%
Pablo Escobar
22%
Henry Cavill
16%
Alex Trebek
14%
Bernard Law Montgomery
12%
Rowan Atkinson
8%
George Gordon Byron, Lord Byron
6%
Jason Sudeikis
6%
Paul von Hindenburg
6%
Peter Sellers
6%
Rob Delaney
2%
No matching quizzes found
Score Distribution
Percent of People with Each Score
Percentile by Number Answered
Your Score History
You have not taken this quiz